| 000 | 00955cam a2200289Ma 4500 | ||
|---|---|---|---|
| 999 |
_c1127 _d1127 |
||
| 001 | .b25871766 | ||
| 003 | OCoLC | ||
| 005 | 20211008150430.0 | ||
| 008 | 160909s2012 enk 000 f eng d | ||
| 020 |
_a9780099572022 _q(pbk.) |
||
| 020 |
_a0099572028 _q(pbk.) |
||
| 040 |
_aUKMGB _cUKMGB _dRDI |
||
| 042 | _anbic | ||
| 082 | 0 | 4 |
_aFIC MOG _223 |
| 100 | 1 |
_aMoggach, Deborah. _eauthor |
|
| 245 | 1 | 4 |
_aThe best exotic marigold hotel / _cby Deborah Moggach. |
| 260 |
_aLondon : _bVintage, _c2012. |
||
| 300 |
_a281 p. ; _c20 cm. |
||
| 500 | _aFirst published by Vintage Books in 2005 with the title: These foolish things. | ||
| 500 | _aFirst published in Great Britain in 2004 by chatto & Windus with the title: These foolish things. | ||
| 650 | 0 |
_aOlder people _vFiction. |
|
| 650 | 0 |
_aOld age homes _vFiction. |
|
| 650 | 0 |
_aBritish _zIndia _vFiction. |
|
| 651 | 0 |
_aBangalore (India) _vFiction. |
|
| 740 | 0 | _aThese foolish things. | |
| 942 |
_2ddc _cFIC |
||